Understanding terrorism in America : (Record no. 2096)

MARC details
000 -LEADER
fixed length control field 00776cam a22002292 4500
001 - CONTROL NUMBER
control field 0000003321
005 - DATE AND TIME OF LATEST TRANSACTION
control field 20151217145734.0
008 - FIXED-LENGTH DATA ELEMENTS--GENERAL INFORMATION
fixed length control field 070503s xx 000 0 eng d
020 ## - INTERNATIONAL STANDARD BOOK NUMBER
International Standard Book Number 0415277663 :
040 ## - CATALOGING SOURCE
Original cataloging agency KABU
Transcribing agency KABU
050 #0 - LIBRARY OF CONGRESS CALL NUMBER
Classification number HV6432
Item number .H49
100 1# - MAIN ENTRY--PERSONAL NAME
Personal name Hewitt, Christopher.
-- 0000153137
245 10 - TITLE STATEMENT
Title Understanding terrorism in America :
Remainder of title from Klan to al Qaeda /
Statement of responsibility, etc. Christopher Hewitt.
260 ## - PUBLICATION, DISTRIBUTION, ETC. (IMPRINT)
Place of publication, distribution, etc. New York ;
-- London. :
Name of publisher, distributor, etc. Routledge,
Date of publication, distribution, etc. 2003.
300 ## - PHYSICAL DESCRIPTION
Extent xvii, 154 p. ;
Dimensions 22 cm.
440 #0 - SERIES STATEMENT/ADDED ENTRY--TITLE
Title Routledge studies in extremism and democracy
-- 0000153138
504 ## - BIBLIOGRAPHY, ETC. NOTE
Bibliography, etc Includes bibliography (p. [138]-147) and index.
650 #0 - SUBJECT ADDED ENTRY--TOPICAL TERM
Topical term or geographic name as entry element Terrorism
Geographic subdivision United States.
-- 0000153139
908 ## - PUT COMMAND PARAMETER (RLIN)
Put command parameter 070503
950 ## - LOCAL HOLDINGS (RLIN)
-- 1
Holdings
Withdrawn status Lost status Source of classification or shelving scheme Not for loan Home library Current library Date acquired Total Checkouts Full call number Barcode Date last seen Date last checked out Price effective from Koha item type
    Library of Congress Classification   Kabarak, Main Campus Kabarak, Main Campus 17/12/2015 1 HV6432 .H49 004749 28/11/2024 12/11/2024 17/12/2015 General Collection
Designed with assistance from East African Informatics Ltd